Women in Manu and his seven commentators (Record no. 363657)

000 -LEADER
fixed length control field 00328cam a22001217a 4500
008 - FIXED-LENGTH DATA ELEMENTS--GENERAL INFORMATION
fixed length control field 180718b1962 xxu||||| |||| 00| 0 eng d
082 ## - DEWEY DECIMAL CLASSIFICATION NUMBER
Classification number B142x54 D26w
100 ## - MAIN ENTRY--PERSONAL NAME
Personal name Das, R.M.
245 ## - TITLE STATEMENT
Title Women in Manu and his seven commentators
Statement of responsibility, etc. by R.M. Das
260 ## - PUBLICATION, DISTRIBUTION, ETC.
Place of publication, distribution, etc. Varanasi
Name of publisher, distributor, etc. Kanchana
Date of publication, distribution, etc. 1962
300 ## - PHYSICAL DESCRIPTION
Extent 288p.
650 ## - SUBJECT ADDED ENTRY--TOPICAL TERM
Topical term or geographic name entry element Women - India.
Holdings
Withdrawn status Lost status Damaged status Not for loan Permanent Location Current Location Date acquired Full call number Barcode Date last seen Price effective from Koha item type
        Indian Institute of Public Administration Indian Institute of Public Administration 2009-06-25 B142x54 D26w 34382 2018-07-21 2018-07-21 Book

Powered by Koha